[Event "45th Olympiad 2024"]
[Site "Budapest HUN"]
[Date "2024.09.15"]
[Round "5.19"]
[Board "1"]
[White "Fedoseev, Vladimir3"]
[Black "Sadorra, Julio Catalino"]
[Result "0-1"]
[WhiteTitle "GM"]
[BlackTitle "GM"]
[WhiteElo "2692"]
[BlackElo "2542"]
[WhiteTeam "Slovenia"]
[BlackTeam "Philippines"]
[WhiteFideId "24130737"]
[BlackFideId "5201268"]
[EventDate "2024.09.11"]

1. d4 d5 2. c4 e6 3. Nc3 Nf6 4. Bg5 c6 5. e3 Nbd7 6. Nf3 Qa5 7. Nd2 Bb4 8. Qc2
dxc4 9. Bxf6 Nxf6 10. Nxc4 Qc7 11. Bd3 O-O 12. O-O Be7 13. Rac1 c5 14. dxc5 Qxc5
15. Ne4 Qh5 16. Rfd1 b6 17. Be2 Qh4 18. Bf3 Rb8 19. g3 Qh3 20. Ne5 Qf5 21. Nc6
Qxf3 22. Nd2 Qh5 23. Nxb8 Bb7 24. Qc7 Ng4 25. h4 Bxh4 26. Qxb7 Bxg3 27. Qh1
Bxf2+ 28. Kg2 Bh4 29. Nf1 Qg5 30. Nd7 Nf2+ 31. Kh2 Nxh1 32. Nxf8 Kxf8 33. Kxh1
g6 34. Rd2 Qf5 35. Kg1 Qe5 36. Rc4 Bg5 37. Kf2 Kg7 38. b3 h5 39. Rd7 Qb2+ 40.
Nd2 Qe5 41. Nf1 Qf5+ 42. Ke2 Qh3 43. Kf2 Qh1 44. Ke2 b5 45. Rc1 Qg2+ 46. Kd3 h4
47. Nd2 Qf2 48. Rf1 Qxe3+ 49. Kc2 Bf4 50. b4 g5 51. Rf3 Qe2 52. a3 e5 53. Rc3 e4 0-1

[Event "45th Olympiad 2024"]
[Site "Budapest HUN"]
[Date "2024.09.15"]
[Round "5.19"]
[Board "2"]
[White "Quizon, Daniel"]
[Black "Demchenko, Anton"]
[Result "1/2-1/2"]
[WhiteTitle "IM"]
[BlackTitle "GM"]
[WhiteElo "2490"]
[BlackElo "2597"]
[WhiteTeam "Philippines"]
[BlackTeam "Slovenia"]
[WhiteFideId "5217911"]
[BlackFideId "4160258"]
[EventDate "2024.09.11"]

1. e4 e5 2. Nf3 Nc6 3. Bb5 a6 4. Ba4 Nf6 5. d3 d6 6. c3 g6 7. O-O Bg7 8. Nbd2
O-O 9. Re1 h6 10. Nf1 Nh7 11. d4 exd4 12. Nxd4 Bd7 13. Nxc6 Bxc6 14. Bxc6 bxc6
15. Qa4 Qd7 16. Be3 Rfb8 17. Re2 Nf8 18. Bd4 c5 19. Qxd7 Nxd7 20. Bxg7 Kxg7 21.
Ne3 a5 22. a4 Nb6 23. Nd5 Rb7 24. Nxb6 Rxb6 25. Rd1 Re8 26. Rdd2 f5 27. exf5
Rxe2 28. Rxe2 gxf5 29. f4 Kf6 30. Rd2 Rb8 31. Kf2 h5 32. g3 Ke6 33. h3 d5 34. g4
hxg4 35. hxg4 fxg4 36. Kg3 Rg8 37. Re2+ Kf6 38. Re5 c6 39. Rh5 c4 40. Rh2 Kf5
41. Re2 Kf6 42. Rh2 Kf5 43. Re2 Rh8 44. Re5+ Kf6 45. Re2 c5 46. Re5 d4 47. cxd4
cxd4 48. Rd5 d3 49. Kxg4 Rh1 50. Kf3 Re1 51. Rd4 Ke6 52. Rd8 Rb1 53. Rd4 Rxb2
54. Rxc4 Kd5 55. Rc8 Re2 56. f5 Kd4 57. Rd8+ Kc4 58. f6 Re6 59. f7 Rf6+ 60. Ke3
Rxf7 61. Rd4+ Kb3 62. Kxd3 Rf3+ 63. Kd2 Rf2+ 64. Kd3 Rf1 65. Kd2 Rf2+ 66. Kd3
Ra2 67. Rh4 Ra3 68. Kd2 Kb2 69. Rg4 Ra2 70. Kd3 Kb3 71. Rh4 Rg2 72. Rf4 Rg5 73.
Rd4 Rc5 74. Rh4 Rd5+ 75. Rd4 Rxd4+ 76. Kxd4 Kxa4 77. Kc3 Ka3 78. Kc2 Ka2 79. Kc1
a4 80. Kc2 a3 81. Kc1 Kb3 82. Kb1 a2+ 83. Ka1 Ka3 1/2-1/2

[Event "45th Olympiad 2024"]
[Site "Budapest HUN"]
[Date "2024.09.15"]
[Round "5.19"]
[Board "3"]
[White "Subelj, Jan"]
[Black "Bersamina, Paulo"]
[Result "1/2-1/2"]
[WhiteTitle "GM"]
[BlackTitle "IM"]
[WhiteElo "2498"]
[BlackElo "2425"]
[WhiteTeam "Slovenia"]
[BlackTeam "Philippines"]
[WhiteFideId "14618583"]
[BlackFideId "5206995"]
[EventDate "2024.09.11"]

1. e4 d5 2. exd5 Qxd5 3. Nc3 Qa5 4. d4 Nf6 5. Bc4 Bf5 6. Nf3 e6 7. O-O c6 8. Nh4
Bg6 9. h3 Be7 10. Nxg6 hxg6 11. Bf4 Nbd7 12. Re1 O-O 13. Qd2 Bb4 14. a3 Bxc3 15.
Qxc3 Qxc3 16. bxc3 Nd5 17. Bd2 b5 18. Bd3 N7b6 19. a4 Nc4 20. Bxc4 bxc4 21. a5
c5 22. Re4 Rfc8 23. Ra4 f5 24. Rxe6 cxd4 25. Rd6 dxc3 26. Rxd5 cxd2 27. Rxd2
Rab8 28. Rd4 Rb5 29. Raxc4 Rxc4 30. Rxc4 Rxa5 31. Rc7 1/2-1/2

[Event "45th Olympiad 2024"]
[Site "Budapest HUN"]
[Date "2024.09.15"]
[Round "5.19"]
[Board "4"]
[White "Garcia, Jan Emmanuel"]
[Black "Sebenik, Matej"]
[Result "1/2-1/2"]
[WhiteTitle "IM"]
[BlackTitle "GM"]
[WhiteElo "2380"]
[BlackElo "2515"]
[WhiteTeam "Philippines"]
[BlackTeam "Slovenia"]
[WhiteFideId "5200750"]
[BlackFideId "14602296"]
[EventDate "2024.09.11"]

1. Nf3 d5 2. d4 e6 3. c4 c5 4. cxd5 exd5 5. g3 Nf6 6. Bg2 Nc6 7. O-O Be7 8. Nc3
O-O 9. dxc5 Bxc5 10. Na4 Be7 11. Be3 Re8 12. Rc1 Bg4 13. Nc5 Qb6 14. Nb3 Qa6 15.
a3 h6 16. Qd3 Qxd3 17. exd3 Bf5 18. Rc3 Rac8 19. Rfc1 Ng4 20. Bd4 Nxd4 21. Nfxd4
Rxc3 22. Rxc3 Bg6 23. Bxd5 Bf6 24. Bxb7 Rd8 25. Rc8 Rxc8 26. Bxc8 Ne5 27. Nb5
Nf3+ 28. Kg2 Ne1+ 29. Kg1 Nf3+ 30. Kg2 Ne1+ 31. Kg1 1/2-1/2

[Event "45th Olympiad 2024"]
[Site "Budapest HUN"]
[Date "2024.09.15"]
[Round "5.20"]
[Board "1"]
[White "Brkic, Ante"]
[Black "Maksimovic, Bojan"]
[Result "1-0"]
[WhiteTitle "GM"]
[BlackTitle "IM"]
[WhiteElo "2642"]
[BlackElo "2503"]
[WhiteTeam "Croatia"]
[BlackTeam "Bosnia & Herzegovina"]
[WhiteFideId "14506688"]
[BlackFideId "14408120"]
[EventDate "2024.09.11"]

1. e4 c5 2. Nf3 e6 3. d4 cxd4 4. Nxd4 a6 5. c4 Nf6 6. Nc3 Qc7 7. a3 b6 8. f4 Bb7
9. Bd3 Nc6 10. Nxc6 Qxc6 11. Qe2 Bc5 12. Be3 Bxe3 13. Qxe3 Qc5 14. Qxc5 bxc5 15.
e5 Ng4 16. O-O Rb8 17. Rae1 h5 18. Re2 Ke7 19. h3 Nh6 20. Na4 Rhc8 21. f5 Ba8
22. f6+ Kf8 23. Rf4 Rc7 24. fxg7+ Kxg7 25. Rh4 Rb3 26. Rd2 Nf5 27. Bxf5 exf5 28.
Rxh5 Kg6 29. Rh8 Be4 30. Kf2 Rd3 31. Rxd3 Bxd3 32. b3 f4 33. Kf3 Bc2 34. Kxf4
Bxb3 35. Nb6 Rb7 36. Nd5 f6 37. exf6 Bxc4 38. Rg8+ Kf7 39. Rg7+ Kf8 40. Ne7 Rb2
41. g4 Bf7 42. Rh7 1-0

[Event "45th Olympiad 2024"]
[Site "Budapest HUN"]
[Date "2024.09.15"]
[Round "5.20"]
[Board "3"]
[White "Livaic, Leon"]
[Black "Burovic, Rijad"]
[Result "1-0"]
[WhiteTitle "GM"]
[BlackTitle "IM"]
[WhiteElo "2550"]
[BlackElo "2426"]
[WhiteTeam "Croatia"]
[BlackTeam "Bosnia & Herzegovina"]
[WhiteFideId "14531534"]
[BlackFideId "14407701"]
[EventDate "2024.09.11"]

1. d4 Nf6 2. c4 g6 3. Nc3 Bg7 4. e4 d6 5. h3 O-O 6. Be3 e5 7. d5 Na6 8. g4 Nc5
9. f3 a5 10. Qd2 c6 11. Nge2 a4 12. Nc1 cxd5 13. cxd5 Bd7 14. Nd3 Nxd3+ 15. Bxd3
Qa5 16. Ne2 Rfc8 17. Qxa5 Rxa5 18. Kd2 Ne8 19. Rhc1 Rxc1 20. Rxc1 Bf6 21. Bb6
Ra8 22. Rc2 h5 23. Nc3 hxg4 24. hxg4 Bg5+ 25. Be3 Bxe3+ 26. Kxe3 Ra5 27. Nb1 Kf8
28. Kd2 b5 29. g5 Ra7 30. Nc3 Nc7 31. Ke3 Rb7 32. Ne2 Na6 33. Rc1 Nc5 34. f4
exf4+ 35. Nxf4 Ke7 36. Rh1 Be8 37. Kd4 Nd7 38. Be2 Ne5 39. Nd3 Nxd3 40. Bxd3 b4
41. e5 Bb5 42. Bxb5 Rxb5 43. Rc1 Kd7 44. exd6 Kxd6 45. Rc6+ Kd7 46. Ra6 a3 47.
b3 Rb8 48. Kc5 Rc8+ 49. Kxb4 Rc2 50. Rxa3 Kd6 51. Ra7 Rf2 52. a4 Kxd5 53. Rc7
Kd6 54. Rc1 f6 55. gxf6 Rxf6 56. a5 Rf8 57. Rg1 Rf6 58. Ka4 Kc6 59. b4 Kb7 60.
Rg4 Re6 61. Rf4 Re7 62. Rf6 Rg7 63. a6+ Ka8 64. Ka5 Rg8 65. b5 g5 66. b6 g4 67.
a7 Kb7 68. Rf7+ Kc6 69. b7 1-0

[Event "45th Olympiad 2024"]
[Site "Budapest HUN"]
[Date "2024.09.15"]
[Round "5.20"]
[Board "4"]
[White "Culum, Sanjin"]
[Black "Stevic, Hrvoje"]
[Result "1/2-1/2"]
[WhiteTitle "FM"]
[BlackTitle "GM"]
[WhiteElo "2409"]
[BlackElo "2531"]
[WhiteTeam "Bosnia & Herzegovina"]
[BlackTeam "Croatia"]
[WhiteFideId "14420937"]
[BlackFideId "14502569"]
[EventDate "2024.09.11"]

1. e4 c5 2. Nf3 e6 3. d4 cxd4 4. Nxd4 Nc6 5. Nc3 a6 6. Be2 Qc7 7. Nxc6 bxc6 8.
Qd3 d5 9. Qg3 Qxg3 10. hxg3 Nf6 11. g4 Bb7 12. exd5 cxd5 13. g5 Nd7 14. Be3 Bc5
15. Bxc5 Nxc5 16. O-O-O O-O 17. Rd4 f6 18. gxf6 gxf6 19. Bf3 Rac8 20. Re1 Rc7
21. Bg4 f5 22. Bh3 Rf6 23. f3 Rh6 24. Na4 Nd7 25. f4 Kf7 26. Rb4 Rh4 27. Nc3 Nf6
28. Kd2 Bc8 29. Ra4 Rc6 30. Rd4 Rb6 31. b4 Ne8 32. Na4 Rc6 33. Nc5 Nd6 34. a4
Kf6 35. c3 Rc7 36. Rf1 Rg7 37. Rb1 Rc7 38. Rf1 Rg7 39. Rb1 Rc7 40. Re1 Rg7 41.
Rb1 1/2-1/2

[Event "45th Olympiad 2024"]
[Site "Budapest HUN"]
[Date "2024.09.15"]
[Round "5.21"]
[Board "1"]
[White "Vocaturo, Daniele"]
[Black "Bachmann, Axel"]
[Result "1/2-1/2"]
[WhiteTitle "GM"]
[BlackTitle "GM"]
[WhiteElo "2600"]
[BlackElo "2560"]
[WhiteTeam "Italy"]
[BlackTeam "Paraguay"]
[WhiteFideId "813192"]
[BlackFideId "3700488"]
[EventDate "2024.09.11"]

1. e4 c5 2. Nf3 Nc6 3. Nc3 g6 4. d4 cxd4 5. Nxd4 Bg7 6. Be3 Nf6 7. Bc4 Qa5 8.
O-O O-O 9. Bb3 d6 10. h3 Bd7 11. Nf3 b5 12. a3 Rab8 13. Re1 Qd8 14. Qd2 Rb7 15.
Bh6 Na5 16. Bxg7 Kxg7 17. Nd5 Nxb3 18. cxb3 e5 19. Rad1 Ne8 20. Nh2 Be6 21. Ng4
Qh4 22. Nge3 Kh8 23. f3 f5 24. Nf1 Rbf7 25. b4 a6 26. Nc3 Kg8 27. Qf2 Qg5 28.
exf5 Bxf5 29. Ng3 Bxh3 30. Nce4 Qh4 31. Nxd6 Nxd6 32. Rxd6 Bg4 33. Ne4 Qe7 34.
Rd2 Bc8 35. Nd6 Rf4 36. Qc5 Qh4 37. Qxe5 Bd7 38. Ree2 Bc6 39. Qe6+ Kh8 40. Qe5+
Kg8 41. Nc8 Rc4 42. Rd1 Qf6 43. Ne7+ Kg7 44. Nxc6 Rxc6 45. Rd7+ Rf7 46. Rxf7+
Kxf7 47. Qe8+ Kg7 48. Qe7+ Qf7 49. Qe5+ Qf6 50. Kf2 h5 51. Qe7+ Qxe7 52. Rxe7+ 1/2-1/2

[Event "45th Olympiad 2024"]
[Site "Budapest HUN"]
[Date "2024.09.15"]
[Round "5.21"]
[Board "2"]
[White "Delgado Ramirez, Neuris"]
[Black "Lodici, Lorenzo"]
[Result "1-0"]
[WhiteTitle "GM"]
[BlackTitle "GM"]
[WhiteElo "2484"]
[BlackElo "2556"]
[WhiteTeam "Paraguay"]
[BlackTeam "Italy"]
[WhiteFideId "3503631"]
[BlackFideId "884189"]
[EventDate "2024.09.11"]

1. e4 e5 2. Nf3 Nc6 3. Bc4 Nf6 4. d3 Bc5 5. Be3 Bxe3 6. fxe3 Qe7 7. a4 d6 8. O-O
Be6 9. Bxe6 Qxe6 10. a5 d5 11. Nc3 h6 12. exd5 Nxd5 13. Nxd5 Qxd5 14. a6 b5 15.
c4 bxc4 16. Qa4 O-O 17. Rfc1 Qd6 18. Rxc4 Ne7 19. Qa3 f6 20. e4 Qb6+ 21. Kf1 Rf7
22. Rb4 Qe6 23. Rc1 Nc6 24. Rbc4 Nb8 25. Nh4 Nxa6 26. Rc6 Qg4 27. Nf3 Nb8 28.
Rxc7 Nd7 29. Qa2 Rf8 30. Rxa7 Kh8 31. Rcc7 f5 32. Rxd7 Rxd7 33. Rxd7 fxe4 34.
Qa4 Qf4 35. Qxe4 Qxh2 36. Qg4 Qh1+ 37. Ke2 Rg8 38. Nxe5 1-0

[Event "45th Olympiad 2024"]
[Site "Budapest HUN"]
[Date "2024.09.15"]
[Round "5.21"]
[Board "3"]
[White "Moroni, Luca Jr"]
[Black "Cubas, Jose Fernando"]
[Result "1-0"]
[WhiteTitle "GM"]
[BlackTitle "GM"]
[WhiteElo "2558"]
[BlackElo "2417"]
[WhiteTeam "Italy"]
[BlackTeam "Paraguay"]
[WhiteFideId "865834"]
[BlackFideId "3700267"]
[EventDate "2024.09.11"]

1. d4 d5 2. c4 c6 3. Nc3 Nf6 4. e3 e6 5. Nf3 Nbd7 6. Be2 Bd6 7. O-O O-O 8. b3
Qe7 9. Bb2 Re8 10. Re1 dxc4 11. bxc4 e5 12. c5 Bc7 13. Bc4 b5 14. Bb3 b4 15. Na4
e4 16. Nd2 Nf8 17. f3 Be6 18. Bc2 Bd5 19. a3 a5 20. fxe4 Nxe4 21. Nxe4 Bxe4 22.
Bxe4 Qxe4 23. Qf3 Rab8 24. axb4 axb4 25. Qxe4 Rxe4 26. Bc1 Nd7 27. Nb2 Nf6 28.
Nc4 Nd5 29. Ra6 f5 30. Rxc6 b3 31. g3 Re7 32. Bd2 Ra8 33. Rb1 Ra4 34. Nb6 Bxb6
35. cxb6 Ra2 36. Rxb3 Nxb6 37. Bb4 1-0

[Event "45th Olympiad 2024"]
[Site "Budapest HUN"]
[Date "2024.09.15"]
[Round "5.21"]
[Board "4"]
[White "Almiron, Antonio"]
[Black "Brunello, Sabino"]
[Result "0-1"]
[WhiteTitle "FM"]
[BlackTitle "GM"]
[WhiteElo "2312"]
[BlackElo "2511"]
[WhiteTeam "Paraguay"]
[BlackTeam "Italy"]
[WhiteFideId "3701166"]
[BlackFideId "813613"]
[EventDate "2024.09.11"]

1. e4 c6 2. d4 d5 3. e5 Bf5 4. Nf3 e6 5. Be2 Ne7 6. c3 Nd7 7. O-O Ng6 8. Ne1 f6
9. f4 fxe5 10. fxe5 c5 11. Be3 Be7 12. Bd3 cxd4 13. cxd4 Nh4 14. Nc3 O-O 15. g3
Bxd3 16. Rxf8+ Nxf8 17. Qxd3 Nf5 18. Bf2 Rc8 19. Rc1 Qd7 20. Rc2 Bb4 21. Qb5
Bxc3 22. Qxd7 Nxd7 23. Rxc3 Rxc3 24. bxc3 Nb6 25. Nc2 Kf7 26. Kf1 Nc4 27. Ke2
Ne7 28. Ne3 Nxe3 29. Bxe3 Nc8 30. g4 Nb6 31. Kd3 Ke8 32. Kc2 Kd7 33. Kb3 Kc6 34.
Bg5 Nc4 35. Kb4 Nb2 36. Be3 Kb6 37. Kb3 Nc4 38. Bg5 Kb5 39. a4+ Kc6 40. h3 b5
41. Bd8 bxa4+ 42. Kxa4 Nd2 43. Kb4 Ne4 44. Bh4 g6 45. Be1 Ng5 46. Bd2 Nxh3 47.
Be3 g5 48. Ka5 Kb7 49. Kb5 Nf4 50. Kc5 Kc7 51. Kb5 h6 52. Ka6 Kb8 53. Kb5 Kb7
54. Kc5 Kc7 55. Kb5 Ne2 56. Bd2 Nf4 57. Ka6 Kb8 58. Bc1 Nd3 59. Be3 Nb2 60. Kb5
Kb7 61. Kc5 Kc7 62. Bd2 Nc4 63. Bc1 a6 64. Kb4 Kb6 65. Ka4 a5 66. Kb3 Kb5 0-1

[Event "45th Olympiad 2024"]
[Site "Budapest HUN"]
[Date "2024.09.15"]
[Round "5.22"]
[Board "1"]
[White "Pultinevicius, Paulius"]
[Black "Henderson de La Fuente, Lance"]
[Result "1-0"]
[WhiteTitle "GM"]
[BlackTitle "GM"]
[WhiteElo "2587"]
[BlackElo "2519"]
[WhiteTeam "Lithuania"]
[BlackTeam "Andorra"]
[WhiteFideId "12809390"]
[BlackFideId "32096585"]
[EventDate "2024.09.11"]

1. d4 d5 2. c4 e6 3. Nc3 c6 4. e4 dxe4 5. Nxe4 Bb4+ 6. Bd2 Qxd4 7. Bxb4 Qxe4+ 8.
Ne2 Na6 9. Bf8 Ne7 10. Bxg7 Nb4 11. Qd6 Nd3+ 12. Kd2 Nf5 13. Qxd3 Qxd3+ 14. Kxd3
Nxg7 15. Kc3 h5 16. h4 Bd7 17. Ng3 c5 18. Ne4 b6 19. Nf6+ Ke7 20. Nxd7 Kxd7 21.
Bd3 Ke7 22. a3 Nf5 23. Bxf5 exf5 24. g3 Rad8 25. b4 f4 26. Rhe1+ Kf6 27. Re4
fxg3 28. Rf4+ Kg6 29. Rg1 f6 30. bxc5 bxc5 31. Rxg3+ Kf7 32. Rf5 Rd4 33. Rh3 Re8
34. Rxh5 Rf4 35. Rxc5 Rxf2 36. Rc7+ Kg6 37. Rxa7 Re1 38. Ra5 Rc1+ 39. Kb4 Rf4
40. Rc5 Rf2 41. h5+ Kh6 42. Rg3 Rb1+ 43. Ka5 Rb7 44. Rb5 Rf7 45. Rc3 f5 46. c5
Re2 47. c6 Ree7 48. Kb6 Re6 49. Rcc5 Ref6 50. Rxf5 1-0

[Event "45th Olympiad 2024"]
[Site "Budapest HUN"]
[Date "2024.09.15"]
[Round "5.22"]
[Board "2"]
[White "Fluvia Poyatos, Jordi"]
[Black "Kazakouski, Valery"]
[Result "1/2-1/2"]
[WhiteTitle "IM"]
[BlackTitle "GM"]
[WhiteElo "2438"]
[BlackElo "2577"]
[WhiteTeam "Andorra"]
[BlackTeam "Lithuania"]
[WhiteFideId "2214334"]
[BlackFideId "13507443"]
[EventDate "2024.09.11"]

1. e4 c6 2. d4 d5 3. e5 Bf5 4. Nf3 e6 5. Be2 Nd7 6. O-O a5 7. Nc3 Bg6 8. Bd2 Ne7
9. Bd3 Bxd3 10. cxd3 Nf5 11. Rc1 h5 12. Qb3 Qb6 13. Qxb6 Nxb6 14. Nd1 Be7 15.
Ne3 Nh6 16. h4 Nd7 17. g3 a4 18. Rc2 f6 19. Ng2 Kf7 20. Re1 Nf5 21. Ne3 Nxe3 22.
Bxe3 fxe5 23. Nxe5+ Nxe5 24. dxe5 Ra5 25. f4 c5 26. Kf2 b6 27. Kf3 Rc8 28. Rec1
Ke8 29. g4 hxg4+ 30. Kxg4 g6 31. Rh1 Kd7 32. h5 gxh5+ 33. Rxh5 Rg8+ 34. Kf3 Raa8
35. Rh7 d4 36. Bf2 Rh8 37. Rxh8 Rxh8 38. Bg3 Kc6 39. Rh2 Rxh2 40. Bxh2 Bh4 41.
Bg3 Bxg3 42. Kxg3 Kd7 43. b3 axb3 1/2-1/2

[Event "45th Olympiad 2024"]
[Site "Budapest HUN"]
[Date "2024.09.15"]
[Round "5.22"]
[Board "3"]
[White "Laurusas, Tomas"]
[Black "De La Riva Aguado, Oscar"]
[Result "1/2-1/2"]
[WhiteTitle "GM"]
[BlackTitle "GM"]
[WhiteElo "2569"]
[BlackElo "2431"]
[WhiteTeam "Lithuania"]
[BlackTeam "Andorra"]
[WhiteFideId "12803731"]
[BlackFideId "6900224"]
[EventDate "2024.09.11"]

1. d4 Nf6 2. c4 g6 3. Nc3 Bg7 4. e4 d6 5. Nf3 O-O 6. Bd3 Bg4 7. Be2 Nfd7 8. Be3
Bxf3 9. Bxf3 Nc6 10. h4 e5 11. d5 Nd4 12. h5 c5 13. hxg6 fxg6 14. Bg4 Nf6 15.
Bh3 Qe8 16. Qd3 a6 17. a4 Kh8 18. g3 b5 19. axb5 axb5 20. O-O Rxa1 21. Rxa1 bxc4
22. Qd1 Nh5 23. Bg4 Nf6 24. Bh3 Nh5 25. Bg4 Nf6 26. Bh3 1/2-1/2

[Event "45th Olympiad 2024"]
[Site "Budapest HUN"]
[Date "2024.09.15"]
[Round "5.22"]
[Board "4"]
[White "Ribera Veganzones, Josep Maria"]
[Black "Pidluznij, Gleb"]
[Result "0-1"]
[WhiteTitle "CM"]
[BlackTitle "FM"]
[WhiteElo "2167"]
[BlackElo "2425"]
[WhiteTeam "Andorra"]
[BlackTeam "Lithuania"]
[WhiteFideId "6900763"]
[BlackFideId "12817082"]
[EventDate "2024.09.11"]

1. e4 e5 2. Nf3 Nc6 3. Bc4 Nf6 4. d3 Be7 5. Nc3 d6 6. a3 O-O 7. Be3 h6 8. h3 Be6
9. Nd5 Nb8 10. Nxf6+ Bxf6 11. Bxe6 fxe6 12. O-O Nc6 13. Nh2 Qd7 14. Qg4 Kh7 15.
g3 Rf7 16. h4 Raf8 17. Kg2 Bd8 18. Qh5 Qe8 19. Qe2 d5 20. Ng4 Be7 21. Rac1 a5
22. c4 d4 23. Bd2 a4 24. c5 Qa8 25. Rc4 Qa6 26. Qd1 Qb5 27. Bb4 Ra8 28. h5 Bg5
29. Qc2 Raf8 30. Rb1 g6 31. Rh1 Rf3 32. Qe2 gxh5 33. Rxh5 Kg6 34. Rh2 Kg7 35.
Qf1 Be3 36. Qe2 Rxf2+ 37. Nxf2 Rxf2+ 38. Qxf2 Bxf2 39. Kxf2 Na5 40. Bxa5 Qxb2+
41. Kg1 Qb1+ 42. Kf2 Qxd3 43. Rb4 Qc2+ 44. Kg1 Qc1+ 45. Kg2 Qxc5 46. Bxc7 Qxc7
47. Kh3 Qc6 48. Re2 Kg6 49. Kh2 Qc1 50. Rb6 d3 51. Rf2 Qc4 52. Rb4 Qc5 53. Kg2
b5 54. Rbb2 Qe3 55. Rxb5 d2 56. Rf1 Qe2+ 0-1

[Event "45th Olympiad 2024"]
[Site "Budapest HUN"]
[Date "2024.09.15"]
[Round "5.23"]
[Board "1"]
[White "Dragnev, Valentin"]
[Black "Khusenkhojaev, Mustafokhuja"]
[Result "1-0"]
[WhiteTitle "GM"]
[BlackTitle "FM"]
[WhiteElo "2556"]
[BlackElo "2283"]
[WhiteTeam "Austria"]
[BlackTeam "Tajikistan"]
[WhiteFideId "1634852"]
[BlackFideId "14700727"]
[EventDate "2024.09.11"]

1. e4 e5 2. Nf3 Nc6 3. Bb5 a6 4. Ba4 Nf6 5. O-O Be7 6. Re1 b5 7. Bb3 d6 8. a4
Bd7 9. c3 O-O 10. d4 h6 11. Bc2 exd4 12. Nxd4 Rb8 13. Nd2 Re8 14. Nf1 b4 15. a5
Bf8 16. Ng3 bxc3 17. bxc3 g6 18. Bf4 Ne5 19. Qc1 c5 20. Nf3 Kh7 21. h4 Nfg4 22.
h5 Qf6 23. Bxe5 dxe5 24. Ba4 Bxa4 25. Rxa4 Rb7 26. hxg6+ fxg6 27. Nf1 h5 28. Ra2
Bh6 29. Qd1 Rd8 30. Qe2 Rbd7 31. Rb1 Rd3 32. Rab2 Rxc3 33. Rb7+ Bg7 34. Ra7 Qf4
35. Rbb7 Rg8 36. Rf7 Qc1 37. Qxa6 Rb3 38. Nh4 Qg5 39. Nf3 Qc1 40. Nd2 Rb2 41.
Qd6 Kh6 42. Rxg7 Rxg7 43. Qf8 Rxd2 44. Qxg7+ Kg5 45. Ra6 Kf4 46. Qf7+ Kxe4 47.
Qf3+ 1-0

[Event "45th Olympiad 2024"]
[Site "Budapest HUN"]
[Date "2024.09.15"]
[Round "5.23"]
[Board "2"]
[White "Karimov, Alisher"]
[Black "Ragger, Markus"]
[Result "1-0"]
[WhiteTitle "FM"]
[BlackTitle "GM"]
[WhiteElo "2240"]
[BlackElo "2601"]
[WhiteTeam "Tajikistan"]
[BlackTeam "Austria"]
[WhiteFideId "14700280"]
[BlackFideId "1610856"]
[EventDate "2024.09.11"]

1. d4 Nf6 2. c4 e6 3. g3 d5 4. Nf3 dxc4 5. Bg2 a6 6. O-O Nc6 7. Nc3 Rb8 8. e4
Be7 9. d5 exd5 10. exd5 Nb4 11. Ne5 Bf5 12. a3 Nd3 13. Nxc4 O-O 14. Be3 b5 15.
Na5 c5 16. Nc6 Qd7 17. Nxb8 Rxb8 18. b3 b4 19. axb4 cxb4 20. Ne2 Nxd5 21. Nd4
Bg6 22. Rxa6 Nxe3 23. fxe3 Bg5 24. Nc2 Rd8 25. h4 Bf6 26. h5 Bf5 27. Qf3 Be6 28.
Ra8 Bxb3 29. Nd4 Bc4 30. Rfa1 Ne5 31. Qe4 b3 32. Rxd8+ Bxd8 33. Qxe5 b2 34. Rb1
Bc7 35. Qe4 Qa4 36. Qa8+ 1-0

[Event "45th Olympiad 2024"]
[Site "Budapest HUN"]
[Date "2024.09.15"]
[Round "5.23"]
[Board "3"]
[White "Blohberger, Felix"]
[Black "Ilkhomi, Jaloliddin"]
[Result "1-0"]
[WhiteTitle "GM"]
[BlackTitle "FM"]
[WhiteElo "2520"]
[BlackElo "2227"]
[WhiteTeam "Austria"]
[BlackTeam "Tajikistan"]
[WhiteFideId "1632051"]
[BlackFideId "14700948"]
[EventDate "2024.09.11"]

1. Nf3 Nf6 2. g3 d5 3. Bg2 c6 4. O-O Bf5 5. d3 e6 6. b3 Nbd7 7. Bb2 Bc5 8. Nbd2
h6 9. e4 Bg4 10. h3 Bxf3 11. Qxf3 O-O 12. e5 Nh7 13. d4 Be7 14. Qe2 c5 15. c4
Nb6 16. Rfd1 cxd4 17. Bxd4 Rc8 18. Bxb6 Qxb6 19. cxd5 exd5 20. Bxd5 Ng5 21. Nc4
Qa6 22. f4 Ne6 23. Kh2 Rfd8 24. a4 b5 25. Nd6 Bxd6 26. axb5 Qb6 27. Bxe6 fxe6
28. Ra6 Qc5 29. exd6 Kh8 30. d7 Rc7 31. Rxe6 Rcxd7 32. Re8+ Rxe8 33. Qxe8+ Kh7
34. Qe4+ 1-0

[Event "45th Olympiad 2024"]
[Site "Budapest HUN"]
[Date "2024.09.15"]
[Round "5.23"]
[Board "4"]
[White "Kabilov, Amin"]
[Black "Baidetskyi, Valentin"]
[Result "1/2-1/2"]
[WhiteTitle "CM"]
[BlackTitle "IM"]
[WhiteElo "2212"]
[BlackElo "2512"]
[WhiteTeam "Tajikistan"]
[BlackTeam "Austria"]
[WhiteFideId "14700859"]
[BlackFideId "14142317"]
[EventDate "2024.09.11"]

1. d4 Nf6 2. Nf3 e6 3. c4 h6 4. Nc3 Bb4 5. Bd2 c5 6. a3 Bxc3 7. Bxc3 Ne4 8. Rc1
b6 9. g3 Bb7 10. Bg2 O-O 11. O-O d6 12. Qd3 Qe7 13. Rfd1 Nd7 14. Ng5 Qxg5 15.
Bxe4 Bxe4 16. Qxe4 d5 17. cxd5 Nf6 18. Qf3 Nxd5 19. Bd2 Qe7 20. e4 Nf6 21. dxc5
bxc5 22. Bc3 Nd7 23. Qg4 f6 24. Rd3 Rf7 25. Rcd1 Nf8 26. Rd6 Re8 27. Qe2 Qb7 28.
Qc4 Rc7 29. a4 Rc6 30. Rd8 Rc8 31. R8d2 Kh8 32. a5 a6 33. f3 Qb5 34. Qxb5 axb5
35. b4 e5 36. bxc5 Rxc5 37. Bb4 Rc4 38. Bxf8 Rxf8 39. Rd8 Rxd8 40. Rxd8+ Kh7 41.
Rb8 b4 42. g4 Kg6 43. Kg2 h5 44. gxh5+ Kxh5 45. Kg3 Rc5 46. Rxb4 Rxa5 47. Rb8
Ra1 48. Rh8+ Kg6 49. h4 Rb1 50. Kg2 Rd1 51. Kg3 Kf7 52. Rc8 Rg1+ 53. Kf2 Rg6 54.
Rb8 Rh6 55. Kg3 Kg6 56. Kg4 Rh7 57. Rf8 Rh6 1/2-1/2

[Event "45th Olympiad 2024"]
[Site "Budapest HUN"]
[Date "2024.09.15"]
[Round "5.24"]
[Board "1"]
[White "Susilodinata, Andrean"]
[Black "Mchedlishvili, Mikheil"]
[Result "1/2-1/2"]
[WhiteTitle "FM"]
[BlackTitle "GM"]
[WhiteElo "2393"]
[BlackElo "2574"]
[WhiteTeam "Indonesia"]
[BlackTeam "Georgia"]
[WhiteFideId "7101651"]
[BlackFideId "13600966"]
[EventDate "2024.09.11"]

1. e4 c5 2. c3 d5 3. exd5 Qxd5 4. d4 g6 5. Nf3 Bg7 6. Na3 cxd4 7. Bc4 Qd8 8. Nb5
Nf6 9. Qxd4 Bd7 10. O-O Nc6 11. Qh4 Bg4 12. Nbd4 Qc7 13. Nxc6 bxc6 14. Ng5 e6
15. Re1 h6 16. Ne4 Nxe4 17. Qxg4 Nf6 18. Qh3 Nd5 19. a4 a5 20. Bd2 h5 21. Rad1
O-O 22. Qf3 Qb7 23. Bc1 Rad8 24. h3 Rd7 25. Bd3 Qb3 26. Qe4 Rfd8 27. Bc2 Qb6 28.
Qc4 Qc7 29. h4 Qb6 30. g3 Qc7 31. Bg5 1/2-1/2